Hình tượng người phụ nữ trong thơ trữ tình Puskin
Shranjeno v:
| Glavni avtor: | |
|---|---|
| Drugi avtorji: | |
| Format: | Knjiga |
| Jezik: | Vietnamese |
| Izdano: |
Đà Nẵng,
1993.
|
| Teme: | |
| Oznake: |
Označite
Brez oznak, prvi označite!
|
| Thư viện lưu trữ: | Mạng thư viện Đại học Đà Nẵng |
|---|
| LEADER | 01027cmm a2200349 i 4500 | ||
|---|---|---|---|
| 001 | 000044827 | ||
| 003 | 3237 | ||
| 005 | 20040507073540.0 | ||
| 008 | 010312b1993 vm 000 vie | ||
| 040 | |a IRC |c IRC |d IRC | ||
| 041 | 0 | |a vie | |
| 082 | 1 | 4 | |a 891.713 |b TR-K |
| 100 | 1 | |a Trần Đình Khải. | |
| 245 | 0 | 0 | |a Hình tượng người phụ nữ trong thơ trữ tình Puskin |h [Thesis - Luận văn] / |c Trần Đình Khải thực hiện ; Dương Quỳnh Hương hướng dẫn. |
| 260 | |a Đà Nẵng, |c 1993. | ||
| 300 | |a 15tr. ; |c 32cm. | ||
| 600 | 0 | 4 | |a Pushkin, A. Sergeyevich, |d 1799-1837. |
| 630 | 0 | 4 | |a Thi ca Nga. |
| 630 | 0 | 4 | |a Phê bình văn học. |
| 630 | 0 | 4 | |a Puskin. |
| 650 | 0 | 4 | |a Văn học Nga |x Phê bình. |
| 700 | 1 | |a Dương Quỳnh Hương, |e hướng dẫn. | |
| OWN | |a DUT | ||
| 999 | |a From the UDN01 | ||
| TYP | |a Computer file | ||
| TYP | |a Monograph | ||
| 980 | |a Mạng thư viện Đại học Đà Nẵng | ||